书目信息 |
| 题名: |
利润的雪球
|
|
| 作者: | 王建华 著 | |
| 分册: | ||
| 出版信息: | 北京 企业管理出版社 2013 |
|
| 页数: | 254页 | |
| 开本: | 24cm | |
| 丛书名: | ||
| 单 册: | ||
| 中图分类: | F272.3 | |
| 科图分类: | ||
| 主题词: | 企业经营管理--研究 , 企业经营管理 | |
| 电子资源: | ||
| ISBN: | 978-7-5164-0573-4 | |
| 000 | 00957nam0 22002531 450 | |
| 001 | 524 | |
| 005 | 20140909091551.45 | |
| 010 | @a978-7-5164-0573-4@dCNY42.00 | |
| 100 | @a20131231d2013 em y0chiy50 ea | |
| 101 | 0 | @achi |
| 102 | @aCN@b110000 | |
| 105 | @aa z 000yy | |
| 106 | @ar | |
| 200 | 1 | @a利润的雪球@ALi Run De Xue Qiu@e中国本土市场30种盈利模式@EZhong Guo Ben Tu Shi Chang 30 Zhong Ying Li Mo Shi@f王建华著@FWang Jian Hua Zhu |
| 210 | @a北京@c企业管理出版社@d2013 | |
| 215 | @a254页@c图@d24cm | |
| 330 | @a本书通过表象层、模式层、理念层,逐渐深入企业利润雪球的核心,找到企业基业长青、持续盈利的共同基因,并提炼出30种通用模型供企业借鉴。 | |
| 517 | 1 | @a中国本土市场30种盈利模式@AZhong Guo Ben Tu Shi Chang 30Zhong Ying Li Mo Shi |
| 606 | 0 | @a企业经营管理@x研究 |
| 606 | 0 | @a企业经营管理 |
| 690 | @aF272.3@v5 | |
| 701 | 0 | @a王建华@AWang Jian Hua@g(企业管理)@4著 |
| 801 | 0 | @aCN@bTANGWEI@c20140603 |
| 905 | @b0837261-63@dF272.3@e1015@f3 | |
| 利润的雪球:中国本土市场30种盈利模式/王建华著.-北京:企业管理出版社,2013 |
| 254页:图;24cm |
| ISBN 978-7-5164-0573-4:CNY42.00 |
| 本书通过表象层、模式层、理念层,逐渐深入企业利润雪球的核心,找到企业基业长青、持续盈利的共同基因,并提炼出30种通用模型供企业借鉴。 |
| ● |
| 相关链接 |
|
|
|
|
正题名:利润的雪球
索取号:F272.3/1015
 
预约/预借
| 序号 | 登录号 | 条形码 | 馆藏地/架位号 | 状态 | 备注 |
| 1 | 0837261 | 208372615 | 第一样本阅览室/ [索取号:F272.3/1015] | 在馆 | |
| 2 | 0837262 | 208372624 | 密集书库-海洋学院/ [索取号:F272.3/1015] | 在馆 | |
| 3 | 0837263 | 208372633 | 第一借阅区/ [索取号:F272.3/1015] | 在馆 |